1316 1297 1609 1933 1875 1240 1868 1530 1649 1091 1738 1515 1089 1149 1938 1468 1617 1769 1676 1316 1975 1638 1560 1928 1921 1307 1285 1653 1399 1306 1339 1589 1540 1181 1059 1767 1054 1876 1571 1823 1822 1149 1953 1482 1605 1688 1564 1900 1635 1319 1579 1728 1489 1247 1407 1551 1200 1335 1502 1504 1606 1050 1468 1272 1031 1798 1678 1243 1128 1227 1561 1764 1479 1915 1916 1087 1611 1690 1088 1182 1554 1731 1505 1399 1465 1168 1405 1788 1029 1865 1122 1465 1091 1812 1117 1300 1975 1904 1006 BCNSPRNW ULIB Ver.6.0+V

เปลี่ยนเป็นภาษาไทย

Change to English
 แสดงรายละเอียดบรรณานุกรม
  กลับหน้าหลัก

Brief Record : Get Marc (ISO 2709) : E-mail record : QR code < ปิดหน้าต่าง
LEADER : 00000nam 2200000uu 4500
001    13399129158
003     ULIB
008    020711s2548 th a 000 0 tha d
060    ^aWY18.2^bว587จ
110    ^aวิทยาลัยเครือข่ายภาคกลาง
245    ^aสาระทบทวนวิชาสุขภาพจิต
260    ^aกรุงเทพฯ :^bม.ป.ท.,^c2548
650    ^aการพยาบาลสุขภาพจิต
945    ^p0^l0^i016689
999    ^aประนอม เกษจรัล
รายการนี้ยังไม่มีแท็ก
คุณยังไม่ได้ล็อกอิน คุณสามารถมีกิจกรรมร่วมกับเว็บไซต์ได้ แต่ต้องล็อกอินก่อน ::
  ล็อกอิน

รายการสื่อสารสนเทศ

ลำดับที่ ประเภท เลขเรียก/บาร์โค้ด สถานที่ สถานะ
1. Book การพยาบาล
Book การพยาบาล
WY18.2 ว587จ ฉ.1 
  Barcode: 016689
ห้องสมุดวิทยาเขตสวรรค์ประชารักษ์
►หนังสือทั่วไป
บนชั้น

รายการใกล้เคียง
    หัวเรื่อง [การพยาบาลสุขภาพจิต]

BibComment


ยังไม่เคยถูกคอมเมนท์

คอมเมนท์ทรัพยากรรายการนี้
  คอมเมนท์: สาระทบทวนวิชาสุข..


 Copyright 2026. Bcnsprnw @Library